Polskie wydawnictwa informacyjne 1945 - 1981

Titel: Polskie wydawnictwa informacyjne 1945 - 1981 / Ewa Barteczko ; Joanna Jarzyńska
Verfasser:
Beteiligt:
Veröffentlicht: Warszawa : Bibl. Narodowa, 1985
Umfang: 328 S.
Format: Buch
Sprache: Polnisch
Schriftenreihe/
mehrbändiges Werk:
Prace i materiały informacyjne
Schlagworte:
ISBN: 8370090079
Buchumschlag
X
Lokale Klassifikation: 32 4 Bb ; 32 1 C
alg: 4927299
001A    $03004:02-09-96 
001B    $06055:27-02-26 $t18:23:28.000 
001C    $03004:30-11-06 $t14:29:08.000 
001D    $09999:99-99-99 
001U    $0utf8 
001X    $00 
002@    $0Aar 
003@    $0049272993 
003O    $015857291 $aOCoLC 
004A    $083-7009-007-9 
007A    $0049272993 $aHEB 
007T    $0Herdhh049272993 
010@    $apol 
011@    $a1985 
013D    $RVerzeichnis $RInformationsmittel $RKatalog $RLiteraturbericht $RNeuerwerbungsliste $RBibliograf $RBibliografin $#Bibliography, Critical $#Bibliography $#Bibliographie critique $#Bibliographie $#Bibliografia $#Bibliografía $#Bibliografías críticas $#bibliographies $#Bibliographie $#Bibliographie $#Literaturdokumentation $#Bibliographie $#Bibliographie der Bibliographien $#Bibliographie $#Abstract Formschlagwort $#Bücherverzeichnis $#Literaturdokumentation Formschlagwort $#Literaturverzeichnis $#Publikationen Formschlagwort $#Repertorium Bibliografie $#Werke Formschlagwort $#Bibliografien $#Bibliographien $D20251120 $Ecgmnf $74006432-3 $8Bibliografie [Tsz] $9085009210 
013H    $0z 
021A    $aPolskie wydawnictwa informacyjne 1945 - 1981 $hEwa Barteczko ; Joanna Jarzyńska 
028A    $7 $8Barteczko, Ewa [Tnx] $9165326123 
028B/01 $7 $8Jarzyńska, Joanna [Tnd] $9138798249 
033A    $pWarszawa $nBibl. Narodowa 
034D    $a328 S. 
036G    $aPrace i materiały informacyjne 
044K    $RInformationsmittel $#Nachschlagewerk $#Fachliches Nachschlagewerk $#Nachschlagewerk $#Nachschlagewerke $D20251120 $Ecgmnf $74041070-5 $8Nachschlagewerk [Ts1] $9085112291 
044K    $RPolen-Litauen $RKongresspolen $RWestgalizien $RStaat Krakau $#Generalgouvernement Polen $#Polska $#Rzeczpospolita Polska $#Polska Rzeczpospolita Ludowa $#Poland $#Pologne $#République Polonaise $#Generalne Gubernatorstwo w Polsce $#Polish People's Republic $#Polska Rzeczpospolita Polen $#PRL $#RP $#Polen Generalgouvernement $#Polska Generalgouvernement $#Besetzte Polnische Gebiete $#Besetztes Gebiet in Polen $#Okupowane Polskie Obszary $#Obszary Okupowane w Polsce $#Volksrepublik Polen $#Polska Rosyjska $#Republic Polen $#Respublika Pol'ša $#Pol'skaja Narodnaja Respublika $#République de Pologne $#Polen Links der Weichsel $#Polska po Lewej Stronie Wisły $#Lenkija $#Polija $#Gubernija Carstva Pol'skago $#Republik Polen $D20251120 $Ecgmnf $74046496-9 $8Polen [Tg1] $9085129801 
044K    $RInformationsquelle $#Information resources $#Informationsmittel $#Informationsinstrument $D20251120 $Ecgmnf $74129544-4 $8Informationsmittel [Ts1] $9085454427 
045F    $a020.9438 $eDDC23BSB 
045F/01 $a020 
045F/03 $g438 
045G    $a907.209438 $eDDC23BSB 
045G/01 $a907.2 
045G/03 $g438 

lok: 4927299 3

exp: 4927299 3 1 #EPN
201B/01 $023-06-16 $t13:31:05.000 
201U/01 $0utf8 
203@/01 $061227165X 
206W/01 $0UB1-s0810456 
208@/01 $a01-01-11 $brAa 
209A/01 $aHB 7: KA 1/20 $du $f000 $hHB 7 KA 1 20 $x00 
209B/01 $aStUB-Retro $x05 
247C/01 $8601000-3 <30>Frankfurt, Universitätsbibliothek J. C. Senckenberg, Zentralbibliothek (ZB) $9102598258 

lok: 4927299 24
101B    $005-12-02 $t17:31:45.045 
101C    $002-09-96 
145Z/01 $a32 4 Bb 
145Z/02 $a32 1 C 
101U    $0utf8 

exp: 4927299 24 1 #EPN
201B/01 $030-11-06 $t14:29:08.000 
201C/01 $002-09-96 
203@/01 $0104181761 
208@/01 $a02-09-96 $br 
209A/01 $a32 IV Bb 2 $du $f050 $h32 4 Bb 2 $x00 
209C/01 $aT 86.1251 $h86 1251 T 
209G/01 $a71672824 $x00 
247C/01 $8358050-7 Marburg, Bibliothek des Herder-Instituts Marburg $9102600961 
201U/01 $0utf8 

lok: 4927299 78

exp: 4927299 78 1 #EPN
201B/01 $019-04-17 $t18:01:04.000 
201U/01 $0utf8 
203@/01 $0794261965 
208@/01 $a12-11-16 $be 
209A/01 $a/ $f000 $x00 
237A/01 $aweiterführende Signatur(en): Herder-Institut: 32 IV Bb 2 
244Z/01 $2Trx $#Poola $#Lenkija $#Polija $#Polen Land $#Poland $#Lengyelország $#Poľsko $#Polsko $8--Trx--Polska$gkraj $x01 $9391345966 
244Z/01 $2Trx $8--Trx--Monographie $x02 $9391384546 
245Z/01 $a01.01 $x01 
247C/01 $82080>Marburg/Lahn, Herder-Institut, Forschungsbibliothek, Bibliographieportal $9336309341
LEADER 00000cam a22000002c 4500
001 049272993
003 DE-603
005 20260227182328.0
007 tu
008 960902s1985 xx |||| | u00||u|pol c
020 |a 8370090079 
035 |a (DE-599)HEB049272993 
035 |a (OCoLC)15857291 
040 |a DE-603  |b ger  |c DE-603  |d DE-603 
041 |a pol 
082 0 4 |8 1\u  |a 020.9438  |q DE-101  |2 23/BSB 
083 0 |8 2\u  |a 907.209438  |q DE-101  |2 23/BSB 
085 |8 1\u  |b 020 
085 |8 1\u  |z 2  |s 438 
085 |8 2\u  |b 907.2 
085 |8 2\u  |z 2  |s 438 
100 1 |a Barteczko, Ewa  |0 (DE-603)165326123 
245 0 0 |a Polskie wydawnictwa informacyjne 1945 - 1981  |c Ewa Barteczko ; Joanna Jarzyńska 
264 1 |a Warszawa  |b Bibl. Narodowa  |c 1985 
300 |a 328 S. 
490 0 |a Prace i materiały informacyjne 
650 7 |a Nachschlagewerk  |0 (DE-588)4041070-5  |0 (DE-603)085112291  |2 gnd 
650 7 |a Informationsmittel  |0 (DE-588)4129544-4  |0 (DE-603)085454427  |2 gnd 
651 7 |a Polen  |0 (DE-588)4046496-9  |0 (DE-603)085129801  |2 gnd 
655 7 |a Bibliografie  |2 gnd-content  |0 (DE-588)4006432-3  |0 (DE-603)085009210 
700 1 |a Jarzyńska, Joanna  |0 (DE-603)138798249 
924 0 |9 30  |a (DE-603)61227165X  |b DE-30  |c HES  |d c  |g HB 7: KA 1/20 
924 0 |9 Mb 50  |a (DE-603)104181761  |b DE-Mb50  |c HES  |d c  |g 32 IV Bb 2 
924 0 |9 2080  |a (DE-603)794261965  |b DE-2080  |c HES  |d d  |g /